<?xml version="1.0" encoding="UTF-8"?>
<record
    xmlns:xsi="http://www.w3.org/2001/XMLSchema-instance"
    xsi:schemaLocation="http://www.loc.gov/MARC21/slim http://www.loc.gov/standards/marcxml/schema/MARC21slim.xsd"
    xmlns="http://www.loc.gov/MARC21/slim">

  <leader>00386nam a22001577a 4500</leader>
  <controlfield tag="003">OSt</controlfield>
  <controlfield tag="005">20240409164725.0</controlfield>
  <controlfield tag="008">221029b        xxu||||| |||| 00| 0 eng d</controlfield>
  <datafield tag="020" ind1=" " ind2=" ">
    <subfield code="a">9789350146446, </subfield>
  </datafield>
  <datafield tag="040" ind1=" " ind2=" ">
    <subfield code="c">IIMT UNIVERSITY , MEERUT</subfield>
  </datafield>
  <datafield tag="100" ind1=" " ind2=" ">
    <subfield code="a">BISHT , DR.T D</subfield>
  </datafield>
  <datafield tag="245" ind1=" " ind2=" ">
    <subfield code="a">ELECTRIC TRACTION (HINDI)</subfield>
  </datafield>
  <datafield tag="260" ind1=" " ind2=" ">
    <subfield code="a">MUZAFFARNAGAR</subfield>
    <subfield code="b">ASIAN</subfield>
    <subfield code="c">2022</subfield>
  </datafield>
  <datafield tag="300" ind1=" " ind2=" ">
    <subfield code="a">222</subfield>
  </datafield>
  <datafield tag="942" ind1=" " ind2=" ">
    <subfield code="2">ddc</subfield>
    <subfield code="c">02</subfield>
  </datafield>
  <datafield tag="999" ind1=" " ind2=" ">
    <subfield code="c">55901</subfield>
    <subfield code="d">55901</subfield>
  </datafield>
  <datafield tag="952" ind1=" " ind2=" ">
    <subfield code="0">0</subfield>
    <subfield code="1">0</subfield>
    <subfield code="2">ddc</subfield>
    <subfield code="4">0</subfield>
    <subfield code="7">0</subfield>
    <subfield code="a">01</subfield>
    <subfield code="b">01</subfield>
    <subfield code="d">2022-10-29</subfield>
    <subfield code="e">BHARAT BOOKS MEERUT</subfield>
    <subfield code="f">POLYTECHNI</subfield>
    <subfield code="g">200.00</subfield>
    <subfield code="i">442,,22-10-2022</subfield>
    <subfield code="o">626.3 BIS</subfield>
    <subfield code="p">01-B-136993</subfield>
    <subfield code="r">2022-10-29</subfield>
    <subfield code="w">2022-10-29</subfield>
    <subfield code="y">06</subfield>
  </datafield>
  <datafield tag="952" ind1=" " ind2=" ">
    <subfield code="0">0</subfield>
    <subfield code="1">0</subfield>
    <subfield code="2">ddc</subfield>
    <subfield code="4">0</subfield>
    <subfield code="7">0</subfield>
    <subfield code="a">01</subfield>
    <subfield code="b">01</subfield>
    <subfield code="d">2022-10-29</subfield>
    <subfield code="e">BHARAT BOOKS MEERUT</subfield>
    <subfield code="f">POLYTECHNI</subfield>
    <subfield code="g">200.00</subfield>
    <subfield code="i">442,,22-10-2022</subfield>
    <subfield code="l">0</subfield>
    <subfield code="o">626.3 BIS</subfield>
    <subfield code="p">01-B-136994</subfield>
    <subfield code="r">2022-10-29</subfield>
    <subfield code="w">2022-10-29</subfield>
    <subfield code="y">02</subfield>
  </datafield>
  <datafield tag="952" ind1=" " ind2=" ">
    <subfield code="0">0</subfield>
    <subfield code="1">0</subfield>
    <subfield code="2">ddc</subfield>
    <subfield code="4">0</subfield>
    <subfield code="7">0</subfield>
    <subfield code="a">01</subfield>
    <subfield code="b">01</subfield>
    <subfield code="d">2022-10-29</subfield>
    <subfield code="e">BHARAT BOOKS MEERUT</subfield>
    <subfield code="f">POLYTECHNI</subfield>
    <subfield code="g">200.00</subfield>
    <subfield code="i">442,,22-10-2022</subfield>
    <subfield code="l">1</subfield>
    <subfield code="o">626.3 BIS</subfield>
    <subfield code="p">01-B-136995</subfield>
    <subfield code="r">2024-02-15</subfield>
    <subfield code="s">2023-09-20</subfield>
    <subfield code="w">2022-10-29</subfield>
    <subfield code="y">02</subfield>
  </datafield>
  <datafield tag="952" ind1=" " ind2=" ">
    <subfield code="0">0</subfield>
    <subfield code="1">0</subfield>
    <subfield code="2">ddc</subfield>
    <subfield code="4">0</subfield>
    <subfield code="7">0</subfield>
    <subfield code="a">01</subfield>
    <subfield code="b">01</subfield>
    <subfield code="d">2022-10-29</subfield>
    <subfield code="e">BHARAT BOOKS MEERUT</subfield>
    <subfield code="f">POLYTECHNI</subfield>
    <subfield code="g">200.00</subfield>
    <subfield code="i">442,,22-10-2022</subfield>
    <subfield code="l">0</subfield>
    <subfield code="o">626.3 BIS</subfield>
    <subfield code="p">01-B-136996</subfield>
    <subfield code="r">2022-10-29</subfield>
    <subfield code="w">2022-10-29</subfield>
    <subfield code="y">02</subfield>
  </datafield>
  <datafield tag="952" ind1=" " ind2=" ">
    <subfield code="0">0</subfield>
    <subfield code="1">0</subfield>
    <subfield code="2">ddc</subfield>
    <subfield code="4">0</subfield>
    <subfield code="7">0</subfield>
    <subfield code="a">01</subfield>
    <subfield code="b">01</subfield>
    <subfield code="d">2022-10-29</subfield>
    <subfield code="e">BHARAT BOOKS MEERUT</subfield>
    <subfield code="f">POLYTECHNI</subfield>
    <subfield code="g">200.00</subfield>
    <subfield code="i">442,,22-10-2022</subfield>
    <subfield code="l">1</subfield>
    <subfield code="o">626.3 BIS</subfield>
    <subfield code="p">01-B-136997</subfield>
    <subfield code="r">2023-02-08</subfield>
    <subfield code="s">2023-01-20</subfield>
    <subfield code="w">2022-10-29</subfield>
    <subfield code="y">02</subfield>
  </datafield>
  <datafield tag="952" ind1=" " ind2=" ">
    <subfield code="0">0</subfield>
    <subfield code="1">0</subfield>
    <subfield code="2">ddc</subfield>
    <subfield code="4">0</subfield>
    <subfield code="7">0</subfield>
    <subfield code="a">01</subfield>
    <subfield code="b">01</subfield>
    <subfield code="d">2022-10-29</subfield>
    <subfield code="e">BHARAT BOOKS MEERUT</subfield>
    <subfield code="f">POLYTECHNI</subfield>
    <subfield code="g">200.00</subfield>
    <subfield code="i">442,,22-10-2022</subfield>
    <subfield code="l">0</subfield>
    <subfield code="o">626.3 BIS</subfield>
    <subfield code="p">01-B-136998</subfield>
    <subfield code="r">2022-10-29</subfield>
    <subfield code="w">2022-10-29</subfield>
    <subfield code="y">02</subfield>
  </datafield>
  <datafield tag="952" ind1=" " ind2=" ">
    <subfield code="0">0</subfield>
    <subfield code="1">0</subfield>
    <subfield code="2">ddc</subfield>
    <subfield code="4">0</subfield>
    <subfield code="7">0</subfield>
    <subfield code="a">01</subfield>
    <subfield code="b">01</subfield>
    <subfield code="d">2022-10-29</subfield>
    <subfield code="e">BHARAT BOOKS MEERUT</subfield>
    <subfield code="f">POLYTECHNI</subfield>
    <subfield code="g">200.00</subfield>
    <subfield code="i">442,,22-10-2022</subfield>
    <subfield code="l">1</subfield>
    <subfield code="o">626.3 BIS</subfield>
    <subfield code="p">01-B-136999</subfield>
    <subfield code="r">2024-01-30</subfield>
    <subfield code="s">2023-09-14</subfield>
    <subfield code="w">2022-10-29</subfield>
    <subfield code="y">02</subfield>
  </datafield>
  <datafield tag="952" ind1=" " ind2=" ">
    <subfield code="0">0</subfield>
    <subfield code="1">0</subfield>
    <subfield code="2">ddc</subfield>
    <subfield code="4">0</subfield>
    <subfield code="7">0</subfield>
    <subfield code="a">01</subfield>
    <subfield code="b">01</subfield>
    <subfield code="d">2022-10-29</subfield>
    <subfield code="e">BHARAT BOOKS MEERUT</subfield>
    <subfield code="f">POLYTECHNI</subfield>
    <subfield code="g">200.00</subfield>
    <subfield code="i">442,,22-10-2022</subfield>
    <subfield code="l">2</subfield>
    <subfield code="o">626.3 BIS</subfield>
    <subfield code="p">01-B-137000</subfield>
    <subfield code="r">2026-01-30</subfield>
    <subfield code="s">2025-10-09</subfield>
    <subfield code="w">2022-10-29</subfield>
    <subfield code="y">02</subfield>
  </datafield>
  <datafield tag="952" ind1=" " ind2=" ">
    <subfield code="0">0</subfield>
    <subfield code="1">0</subfield>
    <subfield code="2">ddc</subfield>
    <subfield code="4">0</subfield>
    <subfield code="7">0</subfield>
    <subfield code="a">01</subfield>
    <subfield code="b">01</subfield>
    <subfield code="d">2022-10-29</subfield>
    <subfield code="e">BHARAT BOOKS MEERUT</subfield>
    <subfield code="f">POLYTECHNI</subfield>
    <subfield code="g">200.00</subfield>
    <subfield code="i">442,,22-10-2022</subfield>
    <subfield code="l">1</subfield>
    <subfield code="o">626.3 BIS</subfield>
    <subfield code="p">01-B-137001</subfield>
    <subfield code="r">2024-02-01</subfield>
    <subfield code="s">2023-09-20</subfield>
    <subfield code="w">2022-10-29</subfield>
    <subfield code="y">02</subfield>
  </datafield>
  <datafield tag="952" ind1=" " ind2=" ">
    <subfield code="0">0</subfield>
    <subfield code="1">0</subfield>
    <subfield code="2">ddc</subfield>
    <subfield code="4">0</subfield>
    <subfield code="7">0</subfield>
    <subfield code="a">01</subfield>
    <subfield code="b">01</subfield>
    <subfield code="d">2022-10-29</subfield>
    <subfield code="e">BHARAT BOOKS MEERUT</subfield>
    <subfield code="f">POLYTECHNI</subfield>
    <subfield code="g">200.00</subfield>
    <subfield code="i">442,,22-10-2022</subfield>
    <subfield code="l">2</subfield>
    <subfield code="o">626.3 BIS</subfield>
    <subfield code="p">01-B-137002</subfield>
    <subfield code="r">2025-02-08</subfield>
    <subfield code="s">2024-10-01</subfield>
    <subfield code="w">2022-10-29</subfield>
    <subfield code="y">02</subfield>
  </datafield>
</record>
